Quizzes
Events
Quiz Creation
Community
Videos
Private Events
Remove Ads
Sign In
Join for FREE
Feedback
Dark Mode
Quiz Categories
Sports
Geography
Music
Movies
Television
Just For Fun
Miscellaneous
History
Literature
Language
Science
Gaming
Entertainment
Religion
Holiday
For Kids
Quiz Lab
Recent
Popular Today
Quiz Kudos Today
Editor Picks
Curator Picks
Quizzes by...
Day
Popularity
Type
Ratings
Length
Year
Community
Subscriptions
Recent Discussions
Orange Saloon
Badges
Playlists
Quests
Create
Leaderboards
Showdown
Live 5
Trivia Bingo
Activity
Puzzle Library
Sporcle Events
Private Events
Virtual Trivia
Globe League
Become a Host
Pub Owners
SporcleCon
Opinionation
Our Games
Videos
Blog
Mobile Apps
Partnerships
Remove Ads and Go Orange
Feedback
Sports
Athletes
MLB
NBA
NHL
NFL
Soccer
Sports Teams
WWE
NCAA
Football
Premier League
Basketball
Baseball
Hockey
Golf
Tennis
Cricket
Rugby
Auto Racing
Olympics
World Cup
Sports
Athletes
MLB
NBA
NHL
NFL
Soccer
Sports Teams
WWE
NCAA
Football
Premier League
Basketball
Baseball
Hockey
Golf
Tennis
Cricket
Rugby
Auto Racing
Olympics
World Cup
Random Quiz
Search Sporcle
×
Quiz Lab
Quiz Lab
Sports
Football
Type in answers that appear in a list
Type in answers that appear in a list
Classic
Best Score? Go Orange.
Team in Common Stats
Can you name the Team in Common? Football Edition
By
gregor56
10m
26 Questions
22 Plays
22 Plays
22 Plays
Comments
Comments
Give Quiz Kudos
Give Quiz Kudos
-
- Ratings
hide this ad
Forced Order
Answers have to be entered in order
Answers have to be entered in order
Replay
Link that replays current quiz
Next Quiz
Link to next quiz in quiz playlist
You Got
0%
They Got
Avg Score
77%
Avg Friend Score
Upgrade to see
Score Distribution
Jump to the score distribution portion of the page
Score
0/26
Timer
10:00
0
Plays Today
Hint
Answer
% Correct
Mike Vrabel/
Corey Dillon/
Tedy Bruschi
Patriots
95.5%
Tim Couch/
Johnny Manziel/
Jamal Lewis
Browns
95.5%
Ronnie Brown/
Dan Marino/
Patrick Surtain
Dolphins
95.5%
Randall Cunningham/
Cris Carter/
Ryan Mathews
Eagles
90.9%
Dorsey Levens/
Greg Jennings/
Reggie White
Packers
90.9%
Ty Law/
Darrelle Revis/
Al Toon
Jets
90.9%
Mark Brunell/
Aaron Brooks/
Archie Manning
Saints
86.4%
Kurt Warner/
Eric Swain/
David Boston
Cardinals
86.4%
David Garrard/
Mercedes Lewis/
Julius Thomas
Jaguars
86.4%
Clinton Portis/
Champ Bailey/
Shawn Springs
Redskins
86.4%
Mike Anderson/
Elvis Dumervil/
John Lynch
Broncos
81.8%
Lynn Swann/
Casey Hampton/
Tommy Maddox
Steelers
81.8%
Drew Bledsoe/
Don Beebe/
Larry Centers
Bills
77.3%
Hint
Answer
% Correct
Andre Rison/
Bob Sanders/
Dallas Clark
Colts
77.3%
Brad Johnson/
Aqib Talib/
Steve Young
Buccaneers
77.3%
Chris Chandler/
Keith Brooking/
Ray Buchanan
Falcons
72.7%
Kevin Dyson/
Frank Wycheck/
Travis Henry
Titans
72.7%
Kevin Greene/
Kerry Collins/
Muhsin Muhammad
Panthers
72.7%
Anthony Miller/
Natrone Means/
Stan Humphries
Chargers
68.2%
Matt Cassel/
Larry Brown/
Ken Norton
Cowboys
63.6%
Chris Warren/
Ricky Watters/
Brian Blades
Seahawks
63.6%
Jason Sehorn/
Rodney Hampton/
Carl Banks
Giants
63.6%
Trent Green/
Az-
Zahir Hakim/
D'Marco Farr
Rams
63.6%
Jeff George/
Rich Gannon/
Chester Taylor
Vikings
59.1%
Warren Moon/
Barry Word/
JJ Birden
Chiefs
54.5%
Mel Gray/
Robert Porcher/
Brett Perriman
Lions
54.5%
Quiz Playlist
Details
Report
Send in Message
Add To Playlist
Classic:
Type in answers that appear in a list
Forced Order:
Answers have to be entered in order
Last Updated: Feb 16, 2017
Quiz Scoreboard
CHALLENGE
Sign Up to Join the Scoreboard
Show All
Scores
Hide
Comments
May contain spoilers
Recently Published
9x9 Crossword: Cartoon Network
by jackfrog10
Miscellaneous
3m
College Basketball Coaching Resumes
by pancakes188
Sports
9m
Billboard Blitz: Fleetwood Mac
by CooCooCachoo
Music
15s
More to Explore
Quiz From the Vault
Featured Blog Post
Where Did the Easter Bunny Come From?
hide this ad
You Might Also Like...
Tags
Football Quiz
common
Edition
team
Today's Top Quizzes in Sports
Browse Sports
hide this ad
Today's Top Quizzes in Football
Browse Football
Top Contributed Quizzes in Sports
1
2022 World Cup Stars
2
Les meilleurs buteurs des matchs entre le PSG et l’OM
3
FIFA Club World Cup Champions
4
Les entraîneurs de l'OM et du PSG au 21e siècle
5
Criteria MLB: Left Handed Sluggers
6
AFC Teams Reveal (Wrong Answers Minefield)
7
2023 MLB Unique Player Accomplishments
8
5-to-1: FBS Animal Nicknames
9
Players with Multiple 50 Home Run Seasons
10
5-to-1: UK Sports Teams
Explore More
Trending Topics
Anime
Kpop
Harry Potter
Crossword
Marvel
Disney
NBA
WWE
NFL
The Office
Country
Song
Pokémon
Soccer
Puzzle
hide this ad
More By:
gregor56
Quiz
Plays
Rating
Category
Featured
Created
Where did they go to College NFL Version?
415
3.00
Sports
Dec 31, 2017
Kansas Basketball 25+ pts in a game since 00-01?
314
5.00
Sports
Jan 12, 2013
Last QB drafted by College from Power 5 Conferences
172
4.33
Sports
Jan 20, 2013
Where did they go to College KC Chiefs Version?
39
4.00
Sports
Dec 19, 2021
Team in Common
22
5.00
Sports
Oct 28, 2016
Go to Creator's Profile
Score Distribution
Quiz Creator Spotlight
gregor56
Follow
Send a Message
Quizzes Created
-
Created Quiz Play Count
-
More By This Creator
Popular Quizzes Today
1
Find the US States - No Outlines Minefield
2
Find the Countries of Europe - No Outlines Minefield
3
The Countries of the World
4
Find the US States
5
Risky Map Clicking: Biggest States A-Z
6
US States
7
Popular People in 1961
8
Movies - When Are They Set?
More Sports Quizzes
Super Bowl XLVII (49ers vs. Ravens)
Quiz Lab
Trending Quizzes
Risky Map Clicking: Least Populous States A-Z
1-10 Letter G Words
1-10 Letter F Words
Risky Map Clicking: Next State Alphabetically
Adjectives in 80s TV Shows
Recently Updated
Leaping Animals
pecheneg
Reality TV Shows (A-Z)
bhenderson79
Rickey Henderson's Hall of Fame Teammates
pecheneg
Champions League XIs: Arsenal
pecheneg
Quick Pick: Celebrities in WWE's Hall of Fame
aduchscher
A-Z Keypad Blitz II
pecheneg
Multiple Oscar Actors
pecheneg
Mystery Phrase Blitz: Oscar 'Best Actors'
pecheneg
F. Scott Fitzgerald Novels
LTH
Pick 3 Villains
ddd62291
Trending Topics
Crossword
Disney
Anime
Marvel
NBA
Kpop
Harry Potter
Pokémon
The Office
Song
WWE
Country
NFL
Puzzle
Soccer
Your Account Isn't Verified!
In order to create a playlist on Sporcle, you need to verify the email address you used during registration. Go to your
Sporcle Settings
to finish the process.
Report this User
Report this user for behavior that violates our
Community Guidelines
.
Details:
Send Report
Go to the Sporcle.com Mobile Site →
Comments